Justin Timberlake Songs - Sudden Death - Statistics

General Stats
  • This quiz has been taken 104 times
    81 since last reset
  • The average score is 8 of 16
Answers on the Grid
Answers color-coded by a green-red scale on the quiz's grid according to % correct below.
Cry Me a River
Rock Your Body
Goodies
Señorita
Oh
I'm Lovin' It
Speechless
Overdose
Work It
FutureSex/LoveSound
1, 2 Step
SexyBack
My Love
Infinity
LoveStoned
Beauty in the World
Tunnel Vision
Honey
Summer Love
Family Affair
Earth
Suit & Tie
Heat
I Like That
Mirrors
Fly Like a Bird
Drink You Away
This D.J.
I Don't Wanna Know
Milkshake
Filthy
21 Questions
Regulate
Until the End of Time
Butterfly
I Want It All
Trick Me
No Angels
Always on Time
 
Answer Stats
Answer % Correct
Rock Your Body
85%
SexyBack
85%
Cry Me a River
83%
Mirrors
70%
Suit & Tie
65%
My Love
58%
FutureSex/LoveSound
53%
Señorita
50%
Summer Love
48%
LoveStoned
41%
Tunnel Vision
27%
Until the End of Time
26%
Filthy
21%
I'm Lovin' It
20%
Drink You Away
17%
No Angels
14%
No matching quizzes found
Score Distribution
Percent of People with Each Score
Percentile by Number Answered
Your Score History
You have not taken this quiz since the last reset